000
00316nam a2200133Ia 4500
008
260604s9999 xx 000 0 und d
020
_a
9781472853639
082
_a
956.7 STU
100
_a
Heather marie stur
_9
35895
245
0
_a
21 Days to Baghdad
260
_b
Osprey Publishing
500
_a
History
942
_c
BK
999
_c
8734
_d
8734